[Event "25. Open Internacional de Parla 2010"]
[Site "Parla ESP"]
[Date "2010.09.05"]
[Round "2.13"]
[White "Sanchez Rodriguez, Jaime"]
[Black "Sanchez Gonzalez, Sergio"]
[Result "0-1"]
[WhiteElo "1958"]
[BlackElo "2288"]
[PlyCount "60"]
[EventDate "2010.09.04"]
[EventType "swiss"]
[EventRounds "9"]
[EventCountry "ESP"]
[Source "lmi"]
[SourceDate "2010.09.04"]

1. d4 Nf6 2. Bg5 c6 3. Nf3 d5 4. Nbd2 Nbd7 5. e3 h6 6. Bh4 e6 7. Bd3 Be7 8. O-O
O-O 9. Rc1 c5 10. c3 b6 11. Ne5 Nxe5 12. dxe5 Nd7 13. Bg3 Bb7 14. Qg4 c4 15.
Bc2 b5 16. Nf3 Qb6 17. Nd4 a5 18. Nf5 exf5 19. Qxf5 Nf6 20. exf6 g6 21. Qf4
Bxf6 22. Qxh6 Bg7 23. Qg5 Qe6 24. Rfe1 b4 25. Bb1 a4 26. Rc2 a3 27. e4 axb2 28.
e5 bxc3 29. Rce2 d4 30. f4 d3 0-1

[Event "25. Open Internacional de Parla 2010"]
[Site "Parla ESP"]
[Date "2010.09.05"]
[Round "2.14"]
[White "Ortega Ruiz, Jose Miguel"]
[Black "Ledo Galan, Jose Emilio"]
[Result "0-1"]
[WhiteElo "2278"]
[BlackElo "1963"]
[PlyCount "92"]
[EventDate "2010.09.04"]
[EventType "swiss"]
[EventRounds "9"]
[EventCountry "ESP"]
[Source "lmi"]
[SourceDate "2010.09.04"]

1. e4 c5 2. Nf3 d6 3. d4 cxd4 4. Nxd4 Nf6 5. Nc3 g6 6. Be2 Bg7 7. O-O O-O 8.
Kh1 Nc6 9. Nb3 a5 10. a4 Bd7 11. f4 Rc8 12. Bf3 Be6 13. Nd5 Nb4 14. c3 Nbxd5
15. exd5 Bd7 16. Be3 b5 17. axb5 Bxb5 18. Re1 a4 19. Nd4 Bd7 20. Nc6 Qe8 21.
Rxa4 Nxd5 22. Bxd5 Bxc6 23. Ra7 e6 24. Ba2 Ra8 25. Re2 Rxa7 26. Bxa7 Qa8 27.
Qg1 Bh6 28. b4 Bxf4 29. c4 Qb7 30. b5 Be4 31. Qb6 Ra8 32. Qxb7 Bxb7 33. b6 Rc8
34. Kg1 Kf8 35. Bb3 Ke7 36. g3 Be5 37. Rd2 Bc3 38. Rc2 Bd4+ 39. Kf1 e5 40. Ke2
e4 41. Rd2 Bc5 42. Ba4 f5 43. Bb5 g5 44. Ra2 Ra8 45. Rd2 f4 46. Rd5 f3+ 0-1

[Event "25. Open Internacional de Parla 2010"]
[Site "Parla ESP"]
[Date "2010.09.05"]
[Round "2.15"]
[White "Tirado Parra, Alberto"]
[Black "Madina Yadarola, Martin"]
[Result "0-1"]
[WhiteElo "1951"]
[BlackElo "2254"]
[PlyCount "62"]
[EventDate "2010.09.04"]
[EventType "swiss"]
[EventRounds "9"]
[EventCountry "ESP"]
[Source "lmi"]
[SourceDate "2010.09.04"]

1. e4 e5 2. Nf3 Qe7 3. Nc3 c6 4. d4 d6 5. Bg5 Nf6 6. a4 h6 7. Bh4 Bg4 8. Be2 g5
9. Bg3 Nbd7 10. a5 a6 11. Qd2 Bg7 12. Qe3 O-O 13. dxe5 dxe5 14. Nd2 Be6 15. Bc4
Nh5 16. Ra3 Nf4 17. Rg1 Rfd8 18. Na4 Bf8 19. Rb3 Rab8 20. f3 Nc5 21. Nxc5 Qxc5
22. Bxe6 Qxa5 23. Bxf7+ Kxf7 24. Qc3 Qa1+ 25. Kf2 Rxd2+ 26. Qxd2 Bc5+ 27. Re3
Qxb2 28. Rd1 Bd4 29. Kf1 Qb5+ 30. Kg1 Rd8 31. Bf2 Bb6 0-1

[Event "25. Open Internacional de Parla 2010"]
[Site "Parla ESP"]
[Date "2010.09.05"]
[Round "2.16"]
[White "Ramirez Garcia, Jorge Alberto"]
[Black "Camarero Izquierdo, Juan Carlos"]
[Result "1-0"]
[WhiteElo "2246"]
[BlackElo "1941"]
[PlyCount "85"]
[EventDate "2010.09.04"]
[EventType "swiss"]
[EventRounds "9"]
[EventCountry "ESP"]
[Source "lmi"]
[SourceDate "2010.09.04"]

1. e4 c5 2. c3 d6 3. d4 Nf6 4. f3 Nc6 5. Be3 cxd4 6. cxd4 g6 7. Nc3 Bg7 8. Bc4
O-O 9. Nge2 Bd7 10. O-O Rc8 11. b3 a6 12. Rc1 b5 13. Bd3 Qa5 14. Qd2 b4 15. Na4
Na7 16. a3 Rb8 17. Nb2 Nc6 18. a4 Ra8 19. h3 Qd8 20. Bc4 a5 21. Nd3 Nh5 22. g4
Nf6 23. Nf2 e6 24. Bd3 h5 25. Kg2 Rc8 26. Ba6 Rb8 27. Rc2 Ne7 28. Rfc1 hxg4 29.
hxg4 Bc8 30. Bd3 Bb7 31. Bh6 Rc8 32. Rxc8 Bxc8 33. Rh1 Bh8 34. Bb5 Bd7 35. Bxf8
Qxf8 36. g5 Bxb5 37. gxf6 Bxe2 38. fxe7 Bxf3+ 39. Kxf3 Qxe7 40. Ng4 Qa7 41.
Rxh8+ Kxh8 42. Qh6+ Kg8 43. Nf6# 1-0

[Event "25. Open Internacional de Parla 2010"]
[Site "Parla ESP"]
[Date "2010.09.05"]
[Round "2.17"]
[White "Cano Cabanillas, Javier"]
[Black "Castaño Vanegas, Henry Augusto"]
[Result "0-1"]
[WhiteElo "1933"]
[BlackElo "2205"]
[PlyCount "58"]
[EventDate "2010.09.04"]
[EventType "swiss"]
[EventRounds "9"]
[EventCountry "ESP"]
[Source "lmi"]
[SourceDate "2010.09.04"]

1. e4 d6 2. d4 Nf6 3. Nc3 g6 4. Be2 Bg7 5. h4 c5 6. d5 h5 7. Bg5 Nh7 8. Be3 a6
9. Qd2 b5 10. Nh3 Nd7 11. a4 b4 12. Nd1 Ne5 13. c3 Rb8 14. a5 e6 15. Nf4 O-O
16. g4 hxg4 17. h5 g5 18. h6 Bh8 19. Nh5 exd5 20. exd5 f5 21. Rg1 f4 22. Nxf4
gxf4 23. Bxf4 Qe7 24. Kf1 Bf6 25. Bxe5 Qxe5 26. Bxg4 Bxg4 27. Rxg4+ Kh8 28. Ne3
bxc3 29. bxc3 Qxc3 0-1

[Event "25. Open Internacional de Parla 2010"]
[Site "Parla ESP"]
[Date "2010.09.05"]
[Round "2.19"]
[White "Garcia Salamero, Gabriel"]
[Black "Tarin Casado, Francisco"]
[Result "1-0"]
[WhiteElo "2180"]
[BlackElo "1915"]
[PlyCount "89"]
[EventDate "2010.09.04"]
[EventType "swiss"]
[EventRounds "9"]
[EventCountry "ESP"]
[Source "lmi"]
[SourceDate "2010.09.04"]

1. e4 c6 2. d4 d5 3. Nd2 dxe4 4. Nxe4 Bf5 5. Ng3 Bg6 6. h4 h6 7. Nf3 Nd7 8. Bd3
Bxd3 9. Qxd3 e6 10. Bd2 Qc7 11. O-O-O O-O-O 12. Qe2 Ngf6 13. Ne5 Nb6 14. c3 Bd6
15. Kb1 Kb8 16. f4 c5 17. Be3 Nbd5 18. Rhf1 Nxe3 19. Qxe3 cxd4 20. cxd4 Nd5 21.
Qb3 Bxe5 22. fxe5 f6 23. Rc1 Qa5 24. Ne4 Rhe8 25. Nd6 Re7 26. Rc5 Qb4 27. Rfc1
a6 28. Rc8+ Rxc8 29. Rxc8+ Ka7 30. Qxb4 Nxb4 31. Rc4 Nd5 32. Nc8+ Kb8 33. Nxe7
Nxe7 34. h5 Nf5 35. Kc1 Ne3 36. Rc3 Nxg2 37. Rg3 Nf4 38. Rxg7 fxe5 39. dxe5
Nd3+ 40. Kc2 Nxe5 41. Kc3 Nf3 42. Rg6 e5 43. Rxh6 Kc7 44. Kd3 Nh2 45. Rg6 1-0

[Event "25. Open Internacional de Parla 2010"]
[Site "Parla ESP"]
[Date "2010.09.05"]
[Round "2.20"]
[White "Gomez Feria, Jose Maria"]
[Black "Suarez Uriel, Adrian"]
[Result "0-1"]
[WhiteElo "1895"]
[BlackElo "2180"]
[PlyCount "52"]
[EventDate "2010.09.04"]
[EventType "swiss"]
[EventRounds "9"]
[EventCountry "ESP"]
[Source "lmi"]
[SourceDate "2010.09.04"]

1. Nf3 g6 2. c4 Bg7 3. g3 Nf6 4. b4 d5 5. c5 a5 6. b5 Ne4 7. d4 Nxc5 8. Qc2 Ne4
9. Bb2 O-O 10. Nbd2 Bf5 11. Qa4 Nd7 12. Nxe4 Bxe4 13. Rc1 Nb6 14. Qd1 Nc4 15.
Bc3 a4 16. e3 a3 17. Bd3 Nb2 18. Bxb2 axb2 19. Rb1 Bxd3 20. Qxd3 Rxa2 21. Qb3
Qa8 22. O-O e6 23. Rxb2 Rxb2 24. Qxb2 c5 25. Ra1 Qc8 26. Ra7 c4 0-1

[Event "25. Open Internacional de Parla 2010"]
[Site "Parla ESP"]
[Date "2010.09.05"]
[Round "2.21"]
[White "Martin Garcia, Guillermo"]
[Black "Alcaraz Amoros, Antonio"]
[Result "1-0"]
[WhiteElo "1863"]
[BlackElo "2143"]
[PlyCount "75"]
[EventDate "2010.09.04"]
[EventType "swiss"]
[EventRounds "9"]
[EventCountry "ESP"]
[Source "lmi"]
[SourceDate "2010.09.04"]

1. e4 c6 2. d4 d5 3. exd5 cxd5 4. Bd3 Nc6 5. c3 Nf6 6. Bf4 e6 7. Nf3 Bd6 8.
Bxd6 Qxd6 9. Nbd2 O-O 10. O-O Bd7 11. Re1 Rfc8 12. Ne5 Be8 13. Ndf3 Rab8 14.
Nxc6 Qxc6 15. Ne5 Qd6 16. f4 b5 17. f5 b4 18. fxe6 fxe6 19. c4 dxc4 20. Bxc4
Bb5 21. b3 Rd8 22. Nf3 Bxc4 23. bxc4 h6 24. Rc1 Rb7 25. Qb3 Re8 26. Re5 Nd7 27.
c5 Qa6 28. Re3 Nf6 29. Rce1 Nd5 30. Re5 Rbe7 31. Nh4 Qc8 32. Nf5 Rf7 33. Nd6
Nf4 34. Qc2 Rd8 35. Nxf7 Rxd4 36. R5e4 Nd3 37. Rxd4 Nxe1 38. Nxh6+ 1-0

[Event "25. Open Internacional de Parla 2010"]
[Site "Parla ESP"]
[Date "2010.09.05"]
[Round "2.22"]
[White "Ramos Aldoradin, John Paul"]
[Black "Suarez Sanchez, Esperanza"]
[Result "1-0"]
[WhiteElo "2126"]
[BlackElo "1844"]
[PlyCount "93"]
[EventDate "2010.09.04"]
[EventType "swiss"]
[EventRounds "9"]
[EventCountry "ESP"]
[Source "lmi"]
[SourceDate "2010.09.04"]

1. e4 d6 2. d4 Nd7 3. Nf3 e5 4. Bc4 c6 5. O-O Be7 6. dxe5 dxe5 7. Ng5 Nh6 8.
Bxf7+ Nxf7 9. Ne6 Qb6 10. Nxg7+ Kf8 11. Ne6+ Ke8 12. Na3 Nf6 13. Nc4 Bxe6 14.
Nxb6 axb6 15. Qe2 b5 16. b3 Bc5 17. Be3 Bb4 18. f3 Bc3 19. Rad1 Bb4 20. Qf2 Nd7
21. h3 Ra6 22. Kh2 Kd8 23. Bc5 Bxc5 24. Qxc5 Re8 25. Qc3 Kc7 26. g3 Rxa2 27.
Rd2 Raa8 28. f4 exf4 29. gxf4 Nb6 30. Qf6 Rad8 31. Rxd8 Nxd8 32. Rd1 Nd7 33.
Qh6 Nf7 34. Qg7 Nd6 35. Qxh7 Bg8 36. Qg7 Rxe4 37. Qxg8 Rxf4 38. Qg3 Rf6 39. h4
Nc5 40. Qg7+ Rf7 41. Qg6 Nce4 42. h5 Rf2+ 43. Kg1 Rf3 44. Qe6 Rf7 45. h6 Rh7
46. Qg6 Rf7 47. h7 1-0

[Event "25. Open Internacional de Parla 2010"]
[Site "Parla ESP"]
[Date "2010.09.05"]
[Round "2.23"]
[White "Argumanez Avendaño, Juan Antonio"]
[Black "Arauz Alonso, Fernando"]
[Result "0-1"]
[WhiteElo "1732"]
[BlackElo "2098"]
[PlyCount "108"]
[EventDate "2010.09.04"]
[EventType "swiss"]
[EventRounds "9"]
[EventCountry "ESP"]
[Source "lmi"]
[SourceDate "2010.09.04"]

1. e4 c6 2. d4 d5 3. e5 Bf5 4. h4 h5 5. Bd3 Bxd3 6. Qxd3 e6 7. Nf3 Nd7 8. c3
Ne7 9. Nbd2 c5 10. dxc5 Nxc5 11. Qb5+ Nc6 12. Nb3 a6 13. Qe2 Qc7 14. Bg5 b5 15.
Nbd4 Rc8 16. Rh3 Ne4 17. Nxc6 Qxc6 18. Be3 Nxc3 19. Qd3 Ne4 20. Rc1 Qb7 21.
Rxc8+ Qxc8 22. Ng5 Bb4+ 23. Kd1 Nxg5 24. hxg5 Qc4 25. Qxc4 dxc4 26. Kc2 g6 27.
f4 Kd7 28. Bc1 Rd8 29. b3 Kc6 30. bxc4 bxc4 31. a3 Ba5 32. g4 hxg4 33. Rg3 Rd3
34. Rxg4 Kd5 35. Rh4 Ke4 36. Rh7 Rd7 37. Rh8 Rd8 38. Rh7 Rd7 39. Rh8 Bb6 40.
Rc8 Rc7 41. Ra8 Be3 42. Bxe3 Kxe3 43. Rxa6 Kxf4 44. Ra4 Kxg5 45. Kc3 Kf5 46.
Rxc4 Ra7 47. Kb4 Kxe5 48. a4 Rb7+ 49. Ka5 Kd5 50. Rg4 e5 51. Ka6 Rb1 52. a5 e4
53. Ka7 e3 54. Rf4 e2 0-1

[Event "25. Open Internacional de Parla 2010"]
[Site "Parla ESP"]
[Date "2010.09.05"]
[Round "2.24"]
[White "Villar Perez, Samuel"]
[Black "Corisco Beltran, Rafael"]
[Result "1-0"]
[WhiteElo "2087"]
[BlackElo "1808"]
[PlyCount "59"]
[EventDate "2010.09.04"]
[EventType "swiss"]
[EventRounds "9"]
[EventCountry "ESP"]
[Source "lmi"]
[SourceDate "2010.09.04"]

1. d4 Nf6 2. Nf3 e6 3. c4 c5 4. d5 exd5 5. cxd5 d6 6. Nc3 g6 7. Bf4 Bg7 8. Qa4+
Bd7 9. Qb3 Qc7 10. e4 O-O 11. Be2 b5 12. e5 c4 13. Nxb5 Qc5 14. Bxc4 Bxb5 15.
Bxb5 dxe5 16. Bxe5 Ne4 17. O-O Bxe5 18. Nxe5 Nd2 19. Qd3 Nxf1 20. Rxf1 Rd8 21.
Rd1 Qd6 22. Qd4 Qb6 23. Qf4 f6 24. Ng4 Rd6 25. Bc6 Qxc6 26. Rc1 Qa6 27. Rc7
Rxd5 28. Qf3 Rd6 29. h4 Rc6 30. Qd5+ 1-0

[Event "25. Open Internacional de Parla 2010"]
[Site "Parla ESP"]
[Date "2010.09.05"]
[Round "2.25"]
[White "Alcazar Mata, Jesus"]
[Black "Cortes Jurado, Rafael"]
[Result "0-1"]
[WhiteElo "1666"]
[BlackElo "2083"]
[PlyCount "74"]
[EventDate "2010.09.04"]
[EventType "swiss"]
[EventRounds "9"]
[EventCountry "ESP"]
[Source "lmi"]
[SourceDate "2010.09.04"]

1. e4 c5 2. Nf3 e6 3. d4 cxd4 4. Nxd4 Nc6 5. Nc3 a6 6. Be3 Qc7 7. Qd2 Bb4 8. f4
Nf6 9. Bd3 d5 10. Nxc6 bxc6 11. e5 Ng4 12. Bg1 c5 13. Qe2 Nh6 14. Qh5 d4 15. a3
dxc3 16. axb4 cxb4 17. b3 Bb7 18. Be3 O-O 19. O-O a5 20. Be2 Nf5 21. Bf2 Rad8
22. Rfd1 Rd2 23. Rxd2 cxd2 24. Bd3 g6 25. Qe2 Qc6 26. Bg3 Qxg2+ 27. Qxg2 Bxg2
28. Be2 Be4 29. Rd1 Rd8 30. Bd3 Bxd3 31. Rxd2 Nd4 32. Rxd3 Ne2+ 33. Kf2 Rxd3
34. cxd3 Nxg3 35. Ke3 Nf5+ 36. Ke4 a4 37. bxa4 b3 0-1

[Event "25. Open Internacional de Parla 2010"]
[Site "Parla ESP"]
[Date "2010.09.05"]
[Round "2.26"]
[White "Aziz Ortego, Omar Luis"]
[Black "Martinez Miura, Enrique"]
[Result "1-0"]
[WhiteElo "2080"]
[BlackElo "1731"]
[PlyCount "89"]
[EventDate "2010.09.04"]
[EventType "swiss"]
[EventRounds "9"]
[EventCountry "ESP"]
[Source "lmi"]
[SourceDate "2010.09.04"]

1. e4 e6 2. d4 d5 3. Nc3 Nf6 4. e5 Nfd7 5. f4 c5 6. Nf3 cxd4 7. Nxd4 Nc6 8. Be3
Nxd4 9. Bxd4 a6 10. a4 Bc5 11. a5 Qc7 12. Be2 Bxd4 13. Qxd4 Qc5 14. Qd2 b5 15.
axb6 Nxb6 16. b3 O-O 17. Nd1 Bb7 18. Ra5 Qc7 19. O-O Rfc8 20. Ne3 Qc3 21. Qxc3
Rxc3 22. Bd3 g6 23. Rfa1 Kg7 24. Kf2 d4 25. Nc4 Nxc4 26. bxc4 Rc8 27. Rb1 Rc7
28. Rb6 Rd7 29. Ra2 Bc8 30. Rb8 Bb7 31. Rb2 Bc6 32. R8b6 Rc7 33. Rxa6 Bd7 34.
Rd6 Ra3 35. Rxd4 Ra1 36. Rb8 Rh1 37. h3 h5 38. Rd6 Rd1 39. c5 Rd2+ 40. Kg3 Bc6
41. Rdd8 Rxg2+ 42. Kh4 f6 43. Rg8+ Kf7 44. Rbf8+ Ke7 45. exf6+ 1-0

[Event "25. Open Internacional de Parla 2010"]
[Site "Parla ESP"]
[Date "2010.09.05"]
[Round "2.27"]
[White "Fernandez Gil, Ruben C"]
[Black "Fariñas Lucas, Juan Antonio"]
[Result "1/2-1/2"]
[WhiteElo "1719"]
[BlackElo "1671"]
[PlyCount "53"]
[EventDate "2010.09.04"]
[EventType "swiss"]
[EventRounds "9"]
[EventCountry "ESP"]
[Source "lmi"]
[SourceDate "2010.09.04"]

1. e4 c5 2. Nf3 Nc6 3. Bb5 d6 4. d4 cxd4 5. Nxd4 Bd7 6. c3 a6 7. Ba4 Nf6 8. Bc2
g6 9. O-O Bg7 10. Kh1 O-O 11. f4 e5 12. Nf3 Qc7 13. f5 gxf5 14. exf5 d5 15. Bg5
e4 16. Ne1 Ne7 17. Bxf6 Bxf6 18. Qh5 Qe5 19. g4 Bg7 20. Qh4 f6 21. Ng2 h6 22.
Nf4 Be8 23. Ne6 Rf7 24. Nd2 Bd7 25. Nc5 Bc6 26. Ne6 Bd7 27. Nc5 1/2-1/2

[Event "25. Open Internacional de Parla 2010"]
[Site "Parla ESP"]
[Date "2010.09.05"]
[Round "2.28"]
[White "Al-Zarif, Bassam"]
[Black "Cerrato Torrijos, Maria"]
[Result "0-1"]
[WhiteElo "1694"]
[BlackElo "2055"]
[PlyCount "98"]
[EventDate "2010.09.04"]
[EventType "swiss"]
[EventRounds "9"]
[EventCountry "ESP"]
[Source "lmi"]
[SourceDate "2010.09.04"]

1. b3 e5 2. Bb2 Nc6 3. e3 Nf6 4. Bb5 Bd6 5. Nf3 e4 6. Nd4 Nxd4 7. Bxd4 Qe7 8.
Be2 Be5 9. Bxe5 Qxe5 10. Nc3 d5 11. O-O O-O 12. f4 exf3 13. Bxf3 Bf5 14. Kh1
Rad8 15. Nb5 Bg6 16. Nd4 c5 17. Ne2 Qb2 18. d3 Qe5 19. Qc1 Rfe8 20. Nf4 Bf5 21.
Re1 Re7 22. h3 Rde8 23. a4 g5 24. Nxd5 Nxd5 25. Bxd5 Qxd5 26. e4 Qe5 27. Qxg5+
Bg6 28. Qd2 Qd4 29. Rad1 Re5 30. Rf1 b6 31. Qf4 Qd8 32. h4 R8e6 33. g3 Qe7 34.
Rd2 Kg7 35. Rdf2 Rd6 36. Rh2 Rf6 37. Qc1 Rxf1+ 38. Qxf1 Qf6 39. Qe1 Qf3+ 40.
Rg2 Re6 41. Kh2 Rf6 42. Qc3 Kg8 43. Qe5 Re6 44. Qb8+ Kg7 45. Qxa7 Rxe4 46. dxe4
Bxe4 47. Rg1 Qf2+ 48. Kh3 Qxg1 49. Kg4 Qf1 0-1

[Event "25. Open Internacional de Parla 2010"]
[Site "Parla ESP"]
[Date "2010.09.05"]
[Round "2.29"]
[White "Cerrato Sampablo, Antonio"]
[Black "Rodriguez Bachiller, Luis"]
[Result "0-1"]
[WhiteElo "1621"]
[BlackElo "1903"]
[PlyCount "110"]
[EventDate "2010.09.04"]
[EventType "swiss"]
[EventRounds "9"]
[EventCountry "ESP"]
[Source "lmi"]
[SourceDate "2010.09.04"]

1. e4 c5 2. Nf3 e6 3. d4 cxd4 4. Nxd4 a6 5. Bd3 Nc6 6. Nxc6 bxc6 7. O-O Qc7 8.
b3 Bd6 9. f4 Bc5+ 10. Kh1 Bd4 11. c3 Bc5 12. Bb2 Nf6 13. c4 d5 14. e5 Ne4 15.
Bxe4 dxe4 16. Nd2 e3 17. Ne4 Qa7 18. Nxc5 Qxc5 19. Bd4 Qe7 20. Bxe3 Bb7 21. Qd6
Rd8 22. Qxe7+ Kxe7 23. Bc5+ Kd7 24. Bb6 Rde8 25. c5 Ra8 26. Rfd1+ Ke7 27. Rd6
Rhd8 28. Rad1 Rxd6 29. exd6+ Kd7 30. b4 Re8 31. Kg1 e5 32. Re1 exf4 33. Rxe8
Kxe8 34. Kf2 Bc8 35. Kf3 Be6 36. a3 Bd5+ 37. Kxf4 Bxg2 38. h4 f6 39. Kg3 Bd5
40. Kf4 Kd7 41. Kf5 Be6+ 42. Ke4 g6 43. Kd4 g5 44. hxg5 fxg5 45. a4 h5 46. b5
cxb5 47. axb5 axb5 48. Bc7 b4 49. Ba5 b3 50. Bc3 h4 51. Ke3 Bc4 52. Kf3 h3 53.
Be5 h2 54. Bxh2 b2 55. Kg4 b1=Q 0-1

[Event "25. Open Internacional de Parla 2010"]
[Site "Parla ESP"]
[Date "2010.09.05"]
[Round "2.30"]
[White "Roldan Criado, Angel"]
[Black "Suarez Prieto, Leopoldo"]
[Result "0-1"]
[WhiteElo "1462"]
[BlackElo "1815"]
[PlyCount "46"]
[EventDate "2010.09.04"]
[EventType "swiss"]
[EventRounds "9"]
[EventCountry "ESP"]
[Source "lmi"]
[SourceDate "2010.09.04"]

1. e4 e5 2. Nf3 Nc6 3. Bb5 Bc5 4. Nc3 Nf6 5. O-O d6 6. d3 a6 7. Bxc6+ bxc6 8.
Qe2 Bg4 9. Be3 Nd7 10. Bxc5 Nxc5 11. b3 Ne6 12. Qe3 Nf4 13. Ne2 g5 14. Ng3 Qf6
15. h3 h5 16. hxg4 hxg4 17. Nh2 Qh6 18. Nxg4 Qh4 19. Qf3 O-O-O 20. a4 Rh7 21.
Qd1 Rdh8 22. f3 Qxg3 23. Qe1 Rh1# 0-1

[Event "25. Open Internacional de Parla 2010"]
[Site "Parla ESP"]
[Date "2010.09.05"]
[Round "2.32"]
[White "Martinez Martinez, Antonio"]
[Black "Bote Alvarez-Carrasco, Valentin"]
[Result "0-1"]
[WhiteElo "1695"]
[BlackElo "2190"]
[PlyCount "44"]
[EventDate "2010.09.04"]
[EventType "swiss"]
[EventRounds "9"]
[EventCountry "ESP"]
[Source "lmi"]
[SourceDate "2010.09.04"]

1. e4 e5 2. Nf3 Nc6 3. Bc4 Bc5 4. d4 Bxd4 5. Ng5 Nh6 6. c3 Bb6 7. b4 Qf6 8. O-O
d6 9. h3 Nd8 10. a4 a6 11. a5 Ba7 12. Qh5 Qg6 13. Qf3 f6 14. Qg3 fxg5 15. Bxg5
Ndf7 16. h4 Nxg5 17. hxg5 Ng4 18. Qf3 Rf8 19. Qd3 Nxf2 20. Rxf2 Bxf2+ 21. Kh1
Qh5+ 22. Qh3 Bxh3 0-1

[Event "25. Open Internacional de Parla 2010"]
[Site "Parla ESP"]
[Date "2010.09.05"]
[Round "2.33"]
[White "Rodrigo Yanguas, Maria"]
[Black "Garcia-Ines Sanchez, Gustavo"]
[Result "1-0"]
[WhiteElo "2095"]
[BlackElo "1685"]
[PlyCount "69"]
[EventDate "2010.09.04"]
[EventType "swiss"]
[EventRounds "9"]
[EventCountry "ESP"]
[Source "lmi"]
[SourceDate "2010.09.04"]

1. e4 c5 2. Nf3 d6 3. d4 cxd4 4. Nxd4 g6 5. Nc3 Bg7 6. Be2 a6 7. O-O Nf6 8. Bg5
O-O 9. Kh1 Nc6 10. Nb3 Bd7 11. f4 b5 12. a3 Na5 13. Nxa5 Qxa5 14. e5 h6 15.
exf6 exf6 16. Bh4 Rfd8 17. Nd5 g5 18. Be1 Qa4 19. b4 Rac8 20. Bd3 f5 21. Nb6
Bxa1 22. Nxa4 Bd4 23. c3 Be3 24. Nb2 Bxf4 25. Bb1 Re8 26. Nd3 Be3 27. Ba2 Kg7
28. Bd2 f4 29. Nf2 Re7 30. Bxe3 Rxe3 31. Qd4+ Kg8 32. Ne4 Rxe4 33. Qxe4 Bc6 34.
Bxf7+ Kxf7 35. Qf5+ 1-0

[Event "25. Open Internacional de Parla 2010"]
[Site "Parla ESP"]
[Date "2010.09.05"]
[Round "2.34"]
[White "Zhynguel Zhynguel, Alex"]
[Black "Garcia Lopez, Luis Manuel"]
[Result "0-1"]
[WhiteElo "1680"]
[BlackElo "2094"]
[PlyCount "108"]
[EventDate "2010.09.04"]
[EventType "swiss"]
[EventRounds "9"]
[EventCountry "ESP"]
[Source "lmi"]
[SourceDate "2010.09.04"]

1. e4 c5 2. Bc4 Nc6 3. a3 g6 4. Nf3 Bg7 5. d3 e6 6. c3 Nge7 7. Ng5 h6 8. Nf3 d5
9. exd5 exd5 10. Bb3 O-O 11. h3 Nf5 12. O-O Be6 13. Bf4 Qb6 14. Ra2 Rad8 15.
Re1 c4 16. Ba4 cxd3 17. Qxd3 d4 18. c4 Qa5 19. Bxc6 bxc6 20. b4 Qa6 21. Nbd2
Nd6 22. Bxd6 Rxd6 23. Rc2 Bf5 24. Ne4 Re8 25. Nfd2 Rde6 26. f3 Bxe4 27. fxe4 f5
28. Rcc1 c5 29. b5 Qb7 30. e5 Rxe5 31. Rxe5 Rxe5 32. Nf1 Qe4 33. Qf3 h5 34. Nd2
Qe3+ 35. Qxe3 Rxe3 36. a4 Ra3 37. a5 Bh6 38. b6 axb6 39. axb6 Bxd2 40. Rb1 Ra8
41. b7 Rb8 42. Rb5 Bb4 43. Kf2 g5 44. g3 Kf7 45. Kf3 Ke6 46. Rb6+ Ke5 47. Ke2
f4 48. g4 hxg4 49. hxg4 f3+ 50. Kxf3 d3 51. Ke3 d2 52. Ke2 Kf4 53. Rf6+ Kxg4
54. Rb6 Re8+ 0-1

[Event "25. Open Internacional de Parla 2010"]
[Site "Parla ESP"]
[Date "2010.09.05"]
[Round "2.35"]
[White "Garcia-Osorio Prado, Miguel Angel"]
[Black "Lozano Sanchez, Jose Antonio"]
[Result "0-1"]
[WhiteElo "1675"]
[BlackElo "1914"]
[PlyCount "92"]
[EventDate "2010.09.04"]
[EventType "swiss"]
[EventRounds "9"]
[EventCountry "ESP"]
[Source "lmi"]
[SourceDate "2010.09.04"]

1. d4 d5 2. c4 e5 3. e3 Nc6 4. cxd5 Qxd5 5. Nc3 Bb4 6. Bd2 Bxc3 7. bxc3 exd4 8.
cxd4 Nf6 9. Nf3 O-O 10. Be2 Ne4 11. O-O Re8 12. Qc2 Bg4 13. Bc4 Qh5 14. Ne1
Nxd2 15. Qxd2 Rad8 16. f3 Bc8 17. Nc2 Qg5 18. Rad1 Na5 19. Bd3 Nc6 20. Rfe1 h6
21. a4 Ne7 22. e4 Qh4 23. Bc4 Bd7 24. Bb3 Qf6 25. e5 Qb6 26. Rb1 Qg6 27. Ne3
Nc6 28. Nd5 Be6 29. Bc2 Bf5 30. Bxf5 Qxf5 31. Ne3 Qxe5 32. dxe5 Rxd2 33. Rxb7
Nxe5 34. Rxc7 Nd3 35. Ra1 Rxe3 36. Rd7 Ree2 37. g3 Rg2+ 38. Kh1 Rxh2+ 39. Kg1
Rdg2+ 40. Kf1 Ne5 41. Rd8+ Kh7 42. Ra3 Rb2 43. Kg1 Rhc2 44. Rd1 Rg2+ 45. Kf1
Rbf2+ 46. Ke1 Nxf3+ 0-1

[Event "25. Open Internacional de Parla 2010"]
[Site "Parla ESP"]
[Date "2010.09.05"]
[Round "2.36"]
[White "Laynez Aspenberg, Jose"]
[Black "Sousa Barreiro, Bieito"]
[Result "1/2-1/2"]
[WhiteElo "1912"]
[BlackElo "1676"]
[PlyCount "97"]
[EventDate "2010.09.04"]
[EventType "swiss"]
[EventRounds "9"]
[EventCountry "ESP"]
[Source "lmi"]
[SourceDate "2010.09.04"]

1. d4 c5 2. d5 Nf6 3. c4 b5 4. cxb5 a6 5. Nc3 axb5 6. e4 d6 7. Bxb5+ Bd7 8.
Bxd7+ Nbxd7 9. f4 Nb6 10. Nf3 g6 11. O-O Bg7 12. Qc2 O-O 13. b3 c4 14. b4 Qd7
15. Bb2 Na4 16. Nxa4 Qxa4 17. Qxa4 Rxa4 18. Bxf6 Bxf6 19. e5 Bg7 20. a3 g5 21.
Rac1 gxf4 22. exd6 exd6 23. Rxc4 Be5 24. Re1 f6 25. Nd4 Rxa3 26. Rb1 Rd3 27.
Nc6 Rf7 28. Rc2 Rxd5 29. b5 Rb7 30. b6 Kg7 31. Ra2 Bd4+ 32. Nxd4 Rxd4 33. Ra7
Rxa7 34. bxa7 Ra4 35. Rb7+ Kg6 36. Kf2 Ra3 37. Ke2 h5 38. Rd7 h4 39. Rxd6 Rxa7
40. Kf3 Kg5 41. Rd5+ f5 42. Rd3 Re7 43. Rc3 Re3+ 44. Rxe3 fxe3 45. Kxe3 Kg4 46.
Kf2 f4 47. h3+ Kg5 48. Ke2 Kf6 49. Kf1 1/2-1/2

[Event "25. Open Internacional de Parla 2010"]
[Site "Parla ESP"]
[Date "2010.09.05"]
[Round "2.37"]
[White "Kalinovsky, Martin"]
[Black "Lucas Garcia, Pedro"]
[Result "0-1"]
[WhiteElo "1634"]
[BlackElo "1898"]
[PlyCount "62"]
[EventDate "2010.09.04"]
[EventType "swiss"]
[EventRounds "9"]
[EventCountry "ESP"]
[Source "lmi"]
[SourceDate "2010.09.04"]

1. e4 c5 2. Nf3 e6 3. d4 cxd4 4. Nxd4 Nc6 5. Nc3 a6 6. Bc4 Nf6 7. Be3 Bb4 8.
O-O Ne5 9. Bd3 Qc7 10. Bf4 d6 11. Nce2 Nxd3 12. cxd3 O-O 13. Bg5 Ng4 14. h3 Ne5
15. Nb3 f6 16. Rc1 Qe7 17. Be3 d5 18. Ng3 Bd6 19. a3 Bd7 20. f4 Ng6 21. Bc5 Ba4
22. d4 Rac8 23. exd5 b6 24. Bxd6 Qxd6 25. Qf3 Nh4 26. Qg4 Qxd5 27. Qxh4 Bxb3
28. Ne2 Bc4 29. Qf2 Bxe2 30. Qxe2 Qxd4+ 31. Kh1 e5 0-1